[Event "Montigny le Bretonneux op 24th"]
[Site "Montigny le Bretonneux"]
[Date "2022.05.29"]
[Round "7"]
[White "Belan, Valentin"]
[Black "Gaudin, Vincent"]
[Result "1/2-1/2"]
[WhiteElo "1497"]
[BlackElo "1609"]
[PlyCount "111"]
[EventDate "2022.05.26"]
[EventType "swiss"]
[EventRounds "9"]
[EventCountry "FRA"]
[SourceTitle "CBM 208 Extra"]
[Source "ChessBase"]
[SourceDate "2022.07.31"]
[SourceVersion "1"]
[SourceVersionDate "2022.07.31"]
[SourceQuality "1"]

1. e4 c5 2. Nf3 d6 3. Bb5+ Bd7 4. Bxd7+ Nxd7 5. 0-0 Ngf6 6. Qe2 Qc7 7. c3 g6 8. d3 Bg7 9. Nbd2 0-0 10. a4 a6 11. a5 Nb8 12. Nc4 Nfd7 13. Bg5 Re8 14. Qd2 b5 15. axb6 Nxb6 16. Nxb6 Qxb6 17. Bh6 Nc6 18. Bxg7 Kxg7 19. Rfe1 Rab8 20. e5 Nxe5 21. Nxe5 dxe5 22. Rxe5 Qxb2 23. Qxb2 Rxb2 24. Rxc5 Reb8 25. h3 Rd2 26. d4 Rbb2 27. Rxa6 Rxf2 28. Rg5 Rfc2 29. Rc6 Rb3 30. c4 f5 31. h4 Kh6 32. Kh2 Rd3 33. Rxf5 Rxd4 34. Re5 Rxh4+ 35. Kg3 Rd4 36. Rxe7 Rd3+ 37. Kh2 Rdd2 38. c5 Rxg2+ 39. Kh3 Rg5 40. Rcc7 Rh5+ 41. Kg3 Rhxc5 42. Rxh7+ Kg5 43. Rxc5+ Rxc5 44. Rd7 Rc3+ 45. Kg2 Kh6 46. Rd6 Kh5 47. Rd5+ g5 48. Rd1 g4 49. Rh1+ Kg5 50. Rf1 Rc5 51. Kg3 Rc7 52. Rf8 Rc3+ 53. Kg2 Rc5 54. Kg3 Rc1 55. Rg8+ Kf5 56. Rf8+ 1/2-1/2

[Event "Montigny le Bretonneux op 24th"]
[Site "Montigny le Bretonneux"]
[Date "2022.05.28"]
[Round "4"]
[White "Gaudin, Vincent"]
[Black "Chennoufi, Amine"]
[Result "0-1"]
[WhiteElo "1609"]
[BlackElo "1490"]
[PlyCount "58"]
[EventDate "2022.05.26"]
[EventType "swiss"]
[EventRounds "9"]
[EventCountry "FRA"]
[SourceTitle "CBM 208 Extra"]
[Source "ChessBase"]
[SourceDate "2022.07.31"]
[SourceVersion "1"]
[SourceVersionDate "2022.07.31"]
[SourceQuality "1"]

1. e4 c5 2. c3 d5 3. exd5 Qxd5 4. d4 cxd4 5. cxd4 Nc6 6. Nf3 Bg4 7. Be2 e6 8. Nc3 Bb4 9. 0-0 Bxc3 10. bxc3 Nf6 11. Ba3 b5 12. h3 Bh5 13. Rb1 a6 14. c4 bxc4 15. Qa4 Rc8 16. Qxa6 Qd8 17. Bxc4 Bxf3 18. gxf3 Ne7 19. Bxe7 Kxe7 20. Qa3+ Qd6 21. Rb7+ Nd7 22. Rxd7+ Kxd7 23. Bb5+ Ke7 24. Qe3 Rhd8 25. Qg5+ Kf8 26. Rd1 Qd5 27. Qxd5 Rxd5 28. a4 e5 29. Rb1 exd4 0-1

[Event "Montigny le Bretonneux op 24th"]
[Site "Montigny le Bretonneux"]
[Date "2022.05.26"]
[Round "1"]
[White "Couradin, Bruno"]
[Black "Gaudin, Vincent"]
[Result "0-1"]
[WhiteElo "1411"]
[BlackElo "1609"]
[PlyCount "110"]
[EventDate "2022.05.26"]
[EventType "swiss"]
[EventRounds "9"]
[EventCountry "FRA"]
[SourceTitle "CBM 208 Extra"]
[Source "ChessBase"]
[SourceDate "2022.07.31"]
[SourceVersion "1"]
[SourceVersionDate "2022.07.31"]
[SourceQuality "1"]

1. e4 c5 2. Nf3 d6 3. d4 cxd4 4. Nxd4 Nf6 5. Nc3 a6 6. Bc4 e6 7. 0-0 Be7 8. Re1 0-0 9. a4 Bd7 10. Bg5 Qb6 11. Bb3 Rd8 12. Be3 Qc7 13. Nf3 Bc6 14. Bg5 Nbd7 15. Nd4 Nc5 16. f3 Nxb3 17. cxb3 h6 18. Bh4 Qa5 19. Rc1 Rac8 20. Bf2 Nd7 21. Nce2 Bf6 22. Rc2 Ne5 23. Qd2 Qxd2 24. Rxd2 d5 25. f4 Ng4 26. e5 Nxf2 27. Kxf2 Be7 28. Rc1 Bd7 29. Rdc2 f6 30. Rxc8 Rxc8 31. Rxc8+ Bxc8 32. Ke3 Bd7 33. g3 b5 34. axb5 axb5 35. Kd3 Kf7 36. Nc3 b4 37. Na2 fxe5 38. fxe5 Bc5 39. Nc2 Bb5+ 40. Kd2 Bg1 41. h3 Bh2 42. Ncxb4 Bxg3 43. Nc3 Bf1 44. Nc6 Bf4+ 45. Kd1 Bxh3 46. b4 Ke8 47. b5 Kd7 48. Na4 Be3 49. Ke2 Bg1 50. Kd2 Bf1 51. Nc3 Bxb5 52. Nxb5 Kxc6 53. Nc3 Bd4 54. Kd3 Bxc3 55. bxc3 Kc5 0-1

[Event "Montigny le Bretonneux op 24th"]
[Site "Montigny le Bretonneux"]
[Date "2022.05.26"]
[Round "2"]
[White "Gaudin, Vincent"]
[Black "Kunne, Ronald"]
[Result "1-0"]
[WhiteElo "1609"]
[BlackElo "1511"]
[PlyCount "59"]
[EventDate "2022.05.26"]
[EventType "swiss"]
[EventRounds "9"]
[EventCountry "FRA"]
[SourceTitle "CBM 208 Extra"]
[Source "ChessBase"]
[SourceDate "2022.07.31"]
[SourceVersion "1"]
[SourceVersionDate "2022.07.31"]
[SourceQuality "1"]

1. e4 e6 2. d4 d5 3. exd5 exd5 4. Nf3 Bd6 5. Bd3 Nc6 6. 0-0 Bg4 7. Re1+ Nge7 8. h3 Bh5 9. c3 Qd7 10. a4 0-0-0 11. Be3 Bg6 12. Na3 Bxd3 13. Qxd3 f6 14. Nb5 g5 15. Nxd6+ Qxd6 16. b4 h5 17. g3 Qd7 18. Kg2 g4 19. hxg4 Qxg4 20. Nh4 Rdg8 21. Rh1 Nd8 22. Rae1 Rg7 23. Qe2 Qd7 24. Qf3 Ne6 25. Nf5 Ng5 26. Bxg5 Nxf5 27. Bxf6 Rf7 28. Bxh8 Nh4+ 29. Rxh4 Rxf3 30. Kxf3 1-0